000 00177nam a2200097 4500
020 _a9788188951123
082 _a400
245 _aFairy Tales 1
300 _a16p
942 _2ddc
_cST
999 _c1238
_d1238